[Event "Muensterland Verbandsliga playoff 5-8"]
[Site "Germany"]
[Date "2023.05.13"]
[Round "2.7"]
[White "Bartelheimer, Maik"]
[Black "Kamp, Silvia"]
[Result "1-0"]
[WhiteElo "1606"]
[BlackElo "1570"]
[PlyCount "47"]
[EventDate "2022.03.25"]
[EventType "team-k.o."]
[EventRounds "2"]
[EventCountry "GER"]
[SourceTitle "EXT 2024"]
[Source "ChessBase"]
[SourceDate "2023.10.10"]
[SourceVersion "1"]
[SourceVersionDate "2023.10.10"]
[SourceQuality "1"]
[WhiteTeam "Nienberge II"]
[BlackTeam "Gescher"]
[WhiteTeamCountry "GER"]
[BlackTeamCountry "GER"]

1. e4 c5 2. Nc3 Nc6 3. g3 e6 4. Bg2 d6 5. d3 Nf6 6. Nge2 Be7 7. 0-0 a6 8. a4 0-0 9. Be3 d5 10. d4 cxd4 11. Nxd4 Nb4 12. e5 Ne8 13. Nce2 Nc6 14. Nxc6 bxc6 15. f4 Rb8 16. b3 f6 17. Qd3 Qc7 18. Rad1 c5 19. Bh3 fxe5 20. fxe5 Rxf1+ 21. Rxf1 c4 22. Qd4 cxb3 23. Qf4 Qd8 24. Qf7+ 1-0

[Event "Muensterland Verbandsliga Gr1 2223"]
[Site "Germany"]
[Date "2023.01.21"]
[Round "4.7"]
[White "Bartelheimer, Maik"]
[Black "Koczy, Willibald"]
[Result "1/2-1/2"]
[WhiteElo "1634"]
[BlackElo "1465"]
[PlyCount "80"]
[EventDate "2022.09.10"]
[EventType "team-tourn"]
[EventRounds "5"]
[EventCountry "GER"]
[SourceTitle "EXT 2024"]
[Source "ChessBase"]
[SourceDate "2023.10.10"]
[SourceVersion "1"]
[SourceVersionDate "2023.10.10"]
[SourceQuality "1"]
[WhiteTeam "Nienberge II"]
[BlackTeam "Ibbenbueren"]
[WhiteTeamCountry "GER"]
[BlackTeamCountry "GER"]

1. e4 c5 2. Nc3 d6 3. d3 Nf6 4. g3 g6 5. Bg2 Bg7 6. Be3 Nc6 7. Nge2 a6 8. a4 Qc7 9. 0-0 0-0 10. Qd2 e6 11. Bh6 Rb8 12. Bxg7 Kxg7 13. f4 Qa5 14. Kh1 Nd4 15. Nxd4 cxd4 16. Nb1 Qxd2 17. Nxd2 Ng4 18. Rfc1 Bd7 19. Nf3 e5 20. fxe5 dxe5 21. h3 Nf6 22. Nxe5 Be6 23. c4 Rfe8 24. Rc2 Bxh3 25. Nf3 Bxg2+ 26. Kxg2 Rbd8 27. Rf1 Ng4 28. Re1 Ne3+ 29. Rxe3 dxe3 30. Ne1 f5 31. exf5 gxf5 32. Kf3 h5 33. Re2 Kg6 34. Rxe3 Rxe3+ 35. Kxe3 Kg5 36. Kf3 Re8 37. Ng2 b5 38. b3 bxa4 39. bxa4 Rd8 40. Nf4 Rb8 1/2-1/2